00623 2200193 4500001002100000005001500021035002000036245016600056100002600222250001000248300002400258006001800282008003900300260004600339082000700385084001300392600001000405990001400415INLIS00000000001004520260604083807 a0010-06260000091 aIMPLEMENTASI ABSENSI ELEKTONIK DALAM MENINGKATKAN KINERJA PEGAWAI DI SEKRETARIAT DAERAH KABUPATEN MURUNG RAYA PROVINSI KALIMANTAN TENGAH /cLISA ANGGREYNI SAGALA0 aLISA ANGGREYNI SAGALA aCet 1 av, 108 hlm :bilus.a 260604 | | |  aPalangka Raya :bPerpustakaan UMPR,c2025 a81 a81 LIS i 4aTESIS a238122051